00362pam a2200133a 44500008004100000020002500041082001600066100002200082245003900104260004500143300001000188906001100198999001900209230405s2010 xxu||||| |||| 00| 0 eng d a0071702911cRs. 1676 a616.12bLOS aLoscalzo, Joseph  aHarrison's Cardiovascular Medicine aNew YorkbMcGraw-Hill Professionalc2010 a628 p a000329 c249063d249063